[Event "Blitz 2018"]
[Site "Saint-Petersburg"]
[Date "2018.12.30"]
[Round "21"]
[Board "33"]
[White "Sargissian Gabriel (ARM)"]
[Black "Mikhalevski Victor (ISR)"]
[Result "1-0"]
[LiveChessVersion "1.4.8"]
[BlackElo "2521"]
[WhiteElo "2651"]

1. d4 {[%clk 0:03:01]} Nf6 {[%clk 0:03:03]} 2. Nf3 {[%clk 0:03:01]} g6
{[%clk 0:03:04]} 3. Nbd2 {[%clk 0:03:02]} d5 {[%clk 0:03:03]} 4. e3
{[%clk 0:03:03]} Bg7 {[%clk 0:03:03]} 5. b4 {[%clk 0:03:04]} O-O {[%clk 0:03:00]}
6. Bb2 {[%clk 0:03:05]} b6 {[%clk 0:02:53]} 7. c4 {[%clk 0:03:05]} c5
{[%clk 0:02:46]} 8. b5 {[%clk 0:02:53]} cxd4 {[%clk 0:02:40]} 9. Nxd4
{[%clk 0:02:51]} Bb7 {[%clk 0:02:40]} 10. N4f3 {[%clk 0:02:46]} Nbd7
{[%clk 0:02:38]} 11. Be2 {[%clk 0:02:47]} Nc5 {[%clk 0:02:36]} 12. O-O
{[%clk 0:02:46]} Rc8 {[%clk 0:02:30]} 13. Rc1 {[%clk 0:02:47]} Nfe4
{[%clk 0:02:25]} 14. Bxg7 {[%clk 0:02:47]} Kxg7 {[%clk 0:02:27]} 15. Nxe4
{[%clk 0:02:36]} dxe4 {[%clk 0:02:27]} 16. Nd4 {[%clk 0:02:35]} e5
{[%clk 0:02:25]} 17. Nb3 {[%clk 0:02:35]} Nd3 {[%clk 0:02:23]} 18. Bxd3
{[%clk 0:02:31]} exd3 {[%clk 0:02:20]} 19. c5 {[%clk 0:02:32]} Qd5
{[%clk 0:02:05]} 20. c6 Ba8 21. a4 {[%clk 0:02:25]} a6 {[%clk 0:02:08]} 22. Nd2
{[%clk 0:02:11]} f5 {[%clk 0:01:55]} 23. Qb3 {[%clk 0:02:06]} Rfd8
{[%clk 0:01:52]} 24. Qb2 {[%clk 0:01:46]} Kh6 {[%clk 0:01:44]} 25. f3
{[%clk 0:01:35]} f4 {[%clk 0:01:31]} 26. Rfe1 {[%clk 0:01:18]} fxe3
{[%clk 0:00:50]} 27. Rxe3 {[%clk 0:01:19]} Qd4 {[%clk 0:00:52]} 28. Qxd4
{[%clk 0:01:19]} Rxd4 {[%clk 0:00:53]} 29. Re4 {[%clk 0:01:17]} Rcd8
{[%clk 0:00:46]} 30. Rxd4 {[%clk 0:01:06]} exd4 {[%clk 0:00:39]} 31. Re1
{[%clk 0:00:59]} Rc8 {[%clk 0:00:22]} 32. Re4 {[%clk 0:00:54]} Bxc6
{[%clk 0:00:21]} 33. bxc6 {[%clk 0:00:54]} Rxc6 {[%clk 0:00:23]} 34. Rxd4
{[%clk 0:00:54]} Rc3 {[%clk 0:00:19]} 35. Kf2 {[%clk 0:00:54]} Ra3
{[%clk 0:00:20]} 36. Rb4 {[%clk 0:00:50]} a5 {[%clk 0:00:21]} 37. Rxb6
{[%clk 0:00:48]} Rxa4 {[%clk 0:00:21]} 38. Ke3 {[%clk 0:00:46]} Ra3
{[%clk 0:00:19]} 39. Rd6 {[%clk 0:00:43]} a4 {[%clk 0:00:19]} 40. Rxd3
{[%clk 0:00:43]} Ra2 {[%clk 0:00:19]} 41. Rd7 {[%clk 0:00:42]} a3
{[%clk 0:00:19]} 42. Ra7 {[%clk 0:00:43]} Ra1 {[%clk 0:00:19]} 43. Ne4
{[%clk 0:00:39]} Ra2 {[%clk 0:00:13]} 44. g4 {[%clk 0:00:36]} g5 {[%clk 0:00:14]}
45. Ra6+ {[%clk 0:00:34]} Kg7 {[%clk 0:00:15]} 46. Nxg5 {[%clk 0:00:34]} Ra1
{[%clk 0:00:14]} 47. Kf4 {[%clk 0:00:33]} Ra2 {[%clk 0:00:11]} 48. h4 Ra1
{[%clk 0:00:10]} 49. h5 {[%clk 0:00:34]} h6 {[%clk 0:00:10]} 50. Ne4
{[%clk 0:00:35]} Kf7 {[%clk 0:00:10]} 51. Ng3 {[%clk 0:00:33]} 1-0

[Event "Blitz 2018"]
[Site "Saint-Petersburg"]
[Date "2018.12.30"]
[Round "21"]
[Board "34"]
[White "Savchenko Boris (RUS)"]
[Black "Fridman Daniel (GER)"]
[Result "0-1"]
[LiveChessVersion "1.4.8"]
[BlackElo "2530"]
[WhiteElo "2639"]

1. Nc3 {[%clk 0:03:03]} d5 {[%clk 0:03:03]} 2. e4 {[%clk 0:03:02]} c6
{[%clk 0:03:03]} 3. d4 {[%clk 0:02:59]} dxe4 {[%clk 0:03:03]} 4. Nxe4
{[%clk 0:02:59]} Nf6 {[%clk 0:03:04]} 5. Nxf6+ {[%clk 0:03:00]} exf6
{[%clk 0:03:05]} 6. c3 {[%clk 0:03:01]} Bd6 {[%clk 0:03:05]} 7. Bd3
{[%clk 0:03:02]} O-O {[%clk 0:03:04]} 8. Ne2 {[%clk 0:03:02]} Re8
{[%clk 0:03:01]} 9. Qc2 {[%clk 0:03:03]} h5 {[%clk 0:03:02]} 10. Be3
{[%clk 0:03:02]} Nd7 {[%clk 0:03:03]} 11. c4 {[%clk 0:02:59]} Bb4+
{[%clk 0:03:02]} 12. Nc3 {[%clk 0:02:57]} c5 {[%clk 0:02:44]} 13. O-O-O
{[%clk 0:02:51]} Qa5 {[%clk 0:02:41]} 14. Nd5 {[%clk 0:02:41]} cxd4
{[%clk 0:02:06]} 15. Bxd4 {[%clk 0:02:38]} Ne5 {[%clk 0:02:08]} 16. a3
{[%clk 0:02:33]} Bf8 {[%clk 0:01:32]} 17. Bc3 {[%clk 0:01:29]} Qc5
{[%clk 0:01:33]} 18. Rhe1 {[%clk 0:01:24]} Nxd3+ {[%clk 0:01:24]} 19. Qxd3
{[%clk 0:01:24]} Rxe1 {[%clk 0:01:23]} 20. Rxe1 {[%clk 0:01:23]} Qxf2
{[%clk 0:01:02]} 21. Re8 {[%clk 0:00:39]} Bf5 {[%clk 0:01:02]} 22. Ne7+
{[%clk 0:00:33]} Kh8 {[%clk 0:00:43]} 23. Rxf8+ {[%clk 0:00:32]} Rxf8
{[%clk 0:00:44]} 24. Nxf5 {[%clk 0:00:31]} Qxg2 {[%clk 0:00:36]} 25. h4
{[%clk 0:00:18]} Re8 {[%clk 0:00:36]} 26. c5 {[%clk 0:00:10]} Re2
{[%clk 0:00:36]} 27. Kb1 {[%clk 0:00:07]} Qf1+ {[%clk 0:00:35]} 0-1

[Event "Blitz 2018"]
[Site "Saint-Petersburg"]
[Date "2018.12.30"]
[Round "21"]
[Board "35"]
[White "Sarana Alexey (RUS)"]
[Black "Tang Andrew (USA)"]
[Result "1-0"]
[LiveChessVersion "1.4.8"]
[BlackElo "2501"]
[WhiteElo "2616"]

1. d4 {[%clk 0:03:03]} d5 {[%clk 0:03:03]} 2. Nf3 {[%clk 0:03:03]} Nf6
{[%clk 0:03:04]} 3. c4 {[%clk 0:03:04]} e6 {[%clk 0:03:05]} 4. Nc3
{[%clk 0:03:05]} Be7 {[%clk 0:03:05]} 5. g3 {[%clk 0:03:05]} O-O {[%clk 0:03:05]}
6. Bg2 {[%clk 0:03:06]} c6 {[%clk 0:03:05]} 7. O-O {[%clk 0:03:05]} Nbd7
{[%clk 0:03:04]} 8. Qd3 {[%clk 0:03:06]} b6 {[%clk 0:03:07]} 9. b3
{[%clk 0:03:04]} Ba6 {[%clk 0:03:07]} 10. Rd1 {[%clk 0:03:03]} Rc8
{[%clk 0:03:05]} 11. Bf4 {[%clk 0:03:03]} dxc4 {[%clk 0:02:19]} 12. bxc4
{[%clk 0:03:04]} Nd5 {[%clk 0:02:20]} 13. Nd2 {[%clk 0:02:26]} Nxf4
{[%clk 0:02:11]} 14. gxf4 {[%clk 0:02:26]} Qc7 {[%clk 0:02:01]} 15. e3
{[%clk 0:02:26]} Rfd8 {[%clk 0:02:01]} 16. Rac1 {[%clk 0:02:20]} Ba3
{[%clk 0:01:51]} 17. Nb5 {[%clk 0:02:11]} cxb5 {[%clk 0:01:48]} 18. Qxa3
{[%clk 0:02:12]} Bb7 {[%clk 0:01:47]} 19. cxb5 {[%clk 0:02:09]} Qb8
{[%clk 0:01:48]} 20. Bc6 {[%clk 0:01:52]} Qa8 {[%clk 0:01:45]} 21. Bxb7
{[%clk 0:01:37]} Qxb7 {[%clk 0:01:45]} 22. Qe7 {[%clk 0:01:37]} Qd5
{[%clk 0:01:44]} 23. Rc7 {[%clk 0:01:21]} Qxb5 {[%clk 0:01:25]} 24. Rdc1
{[%clk 0:01:22]} Ra8 {[%clk 0:01:19]} 25. Ne4 {[%clk 0:01:21]} Qf5
{[%clk 0:00:24]} 26. Rxd7 {[%clk 0:00:58]} Re8 {[%clk 0:00:25]} 27. Rxa7
{[%clk 0:00:53]} h6 {[%clk 0:00:07]} 28. Ng3 {[%clk 0:00:48]} Qd5
{[%clk 0:00:06]} 29. Qxf7+ {[%clk 0:00:48]} 1-0

[Event "Blitz 2018"]
[Site "Saint-Petersburg"]
[Date "2018.12.30"]
[Round "21"]
[Board "36"]
[White "Motylev Alexander (RUS)"]
[Black "Usmanov Vasily (RUS)"]
[Result "1-0"]
[LiveChessVersion "1.4.8"]
[BlackElo "2459"]
[WhiteElo "2609"]

1. e4 {[%clk 0:03:03]} d5 {[%clk 0:03:04]} 2. exd5 {[%clk 0:03:03]} Qxd5
{[%clk 0:03:04]} 3. Nc3 {[%clk 0:03:05]} Qd8 {[%clk 0:03:06]} 4. d4
{[%clk 0:03:06]} Nf6 {[%clk 0:03:07]} 5. Nf3 {[%clk 0:03:06]} c6 {[%clk 0:03:08]}
6. Bc4 {[%clk 0:03:04]} b5 {[%clk 0:03:09]} 7. Bb3 {[%clk 0:03:04]} e6
{[%clk 0:03:10]} 8. O-O {[%clk 0:02:57]} Be7 {[%clk 0:03:12]} 9. Bg5
{[%clk 0:02:52]} O-O {[%clk 0:03:05]} 10. Re1 {[%clk 0:02:53]} h6
{[%clk 0:03:05]} 11. Bh4 {[%clk 0:02:53]} Nbd7 {[%clk 0:02:55]} 12. Ne5
{[%clk 0:02:43]} Bb7 {[%clk 0:02:55]} 13. Qf3 {[%clk 0:02:21]} Qc7
{[%clk 0:02:44]} 14. Bg3 {[%clk 0:02:19]} Qb6 {[%clk 0:02:41]} 15. Nxf7
{[%clk 0:02:16]} Rxf7 {[%clk 0:02:38]} 16. Bxe6 {[%clk 0:02:15]} b4
{[%clk 0:02:30]} 17. Na4 {[%clk 0:02:08]} Qb5 {[%clk 0:02:28]} 18. Qb3
{[%clk 0:02:04]} Nd5 {[%clk 0:02:21]} 19. Bxd7 {[%clk 0:02:03]} Bc8
{[%clk 0:02:14]} 20. Be8 {[%clk 0:02:00]} Rf6 {[%clk 0:01:52]} 21. Rxe7
{[%clk 0:01:58]} Be6 {[%clk 0:01:53]} 22. Bd7 {[%clk 0:01:35]} Nxe7
{[%clk 0:01:23]} 23. Bxe6+ {[%clk 0:01:35]} Kh8 {[%clk 0:01:23]} 24. Nc5
{[%clk 0:01:34]} Qe2 {[%clk 0:01:01]} 25. Bc4 {[%clk 0:01:35]} Qh5
{[%clk 0:00:47]} 26. Nd7 {[%clk 0:01:27]} Rf5 {[%clk 0:00:32]} 27. Qxb4
{[%clk 0:01:17]} Nd5 {[%clk 0:00:28]} 28. Qd2 {[%clk 0:01:11]} Re8
{[%clk 0:00:27]} 29. Ne5 {[%clk 0:01:11]} Nf6 {[%clk 0:00:19]} 30. Bf7
{[%clk 0:01:07]} Rfxe5 {[%clk 0:00:10]} 31. Bxh5 {[%clk 0:01:04]} Rxh5
{[%clk 0:00:10]} 32. Re1 {[%clk 0:01:05]} Rxe1+ 33. Qxe1 {[%clk 0:01:03]} Rd5
{[%clk 0:00:08]} 34. Be5 {[%clk 0:01:04]} c5 {[%clk 0:00:09]} 35. c4
{[%clk 0:01:05]} Rd8 {[%clk 0:00:09]} 36. Bxf6 {[%clk 0:01:05]} gxf6
{[%clk 0:00:10]} 37. d5 {[%clk 0:01:06]} 1-0

[Event "Blitz 2018"]
[Site "Saint-Petersburg"]
[Date "2018.12.30"]
[Round "21"]
[Board "37"]
[White "Bazeev German (RUS)"]
[Black "Mchedlishvili Mikheil (GEO)"]
[Result "0-1"]
[LiveChessVersion "1.4.8"]
[BlackElo "2607"]
[WhiteElo "2422"]

1. d4 {[%clk 0:03:03]} d6 {[%clk 0:03:03]} 2. Nf3 {[%clk 0:03:03]} g6
{[%clk 0:03:04]} 3. c4 {[%clk 0:03:04]} Bg7 {[%clk 0:03:04]} 4. Nc3
{[%clk 0:03:05]} Bg4 {[%clk 0:03:04]} 5. g3 {[%clk 0:03:02]} Bxf3
{[%clk 0:03:05]} 6. exf3 {[%clk 0:03:03]} e6 {[%clk 0:03:06]} 7. Be3
{[%clk 0:02:53]} Ne7 {[%clk 0:03:06]} 8. Qb3 {[%clk 0:02:53]} Qc8
{[%clk 0:02:38]} 9. h4 {[%clk 0:02:41]} h5 {[%clk 0:02:38]} 10. Rd1
{[%clk 0:02:38]} Nf5 {[%clk 0:02:34]} 11. Bh3 {[%clk 0:02:36]} Nxe3
{[%clk 0:02:30]} 12. fxe3 {[%clk 0:02:37]} Nd7 {[%clk 0:02:32]} 13. O-O
{[%clk 0:02:31]} O-O {[%clk 0:02:30]} 14. g4 {[%clk 0:02:31]} Qd8
{[%clk 0:02:22]} 15. g5 {[%clk 0:02:32]} Rb8 {[%clk 0:02:18]} 16. f4
{[%clk 0:02:29]} Re8 {[%clk 0:02:18]} 17. Qc2 {[%clk 0:02:24]} c6
{[%clk 0:02:19]} 18. e4 {[%clk 0:02:05]} Qc7 {[%clk 0:01:38]} 19. Qf2
{[%clk 0:02:03]} c5 {[%clk 0:01:28]} 20. e5 {[%clk 0:02:03]} cxd4
{[%clk 0:01:16]} 21. Nb5 {[%clk 0:02:04]} Qxc4 {[%clk 0:01:12]} 22. Nxd6
{[%clk 0:02:05]} Qxa2 {[%clk 0:01:10]} 23. Nxe8 {[%clk 0:02:05]} Rxe8
{[%clk 0:01:12]} 24. Qxd4 {[%clk 0:02:04]} Nb6 {[%clk 0:01:11]} 25. Ra1
{[%clk 0:02:05]} Qb3 26. Qc3 Qb5 {[%clk 0:01:03]} 27. Ra5 {[%clk 0:01:40]} Qe2
{[%clk 0:01:03]} 28. Bg2 {[%clk 0:01:31]} Bf8 {[%clk 0:01:04]} 29. Bf3 Qc4 30.
Qxc4 {[%clk 0:01:19]} Nxc4 {[%clk 0:01:07]} 31. Ra2 {[%clk 0:00:59]} Nd2
{[%clk 0:01:08]} 32. Rf2 {[%clk 0:00:45]} Bc5 {[%clk 0:01:10]} 33. Bxb7
{[%clk 0:00:46]} Rb8 {[%clk 0:01:08]} 34. Bc6 {[%clk 0:00:44]} Rb6
{[%clk 0:01:04]} 35. Ba8 {[%clk 0:00:34]} Nc4 {[%clk 0:00:50]} 36. b4
{[%clk 0:00:20]} Rxb4 {[%clk 0:00:50]} 37. Rac2 {[%clk 0:00:17]} a5
{[%clk 0:00:48]} 38. Bc6 {[%clk 0:00:17]} a4 {[%clk 0:00:49]} 39. Kh2
{[%clk 0:00:17]} Bxf2 {[%clk 0:00:49]} 40. Rxf2 {[%clk 0:00:18]} a3
{[%clk 0:00:51]} 0-1

[Event "Blitz 2018"]
[Site "Saint-Petersburg"]
[Date "2018.12.30"]
[Round "21"]
[Board "38"]
[White "Sakaev Konstantin (RUS)"]
[Black "Le Quang Liem (VIE)"]
[Result "0-1"]
[LiveChessVersion "1.4.8"]
[BlackElo "2749"]
[WhiteElo "2551"]

1. d4 {[%clk 0:03:03]} Nf6 {[%clk 0:03:03]} 2. c4 {[%clk 0:03:03]} e6
{[%clk 0:03:04]} 3. Nf3 {[%clk 0:03:04]} b6 {[%clk 0:03:05]} 4. a3
{[%clk 0:03:05]} Bb7 {[%clk 0:03:03]} 5. Bf4 {[%clk 0:03:05]} Be7
{[%clk 0:02:52]} 6. Nc3 {[%clk 0:03:02]} O-O {[%clk 0:02:45]} 7. d5
{[%clk 0:03:01]} Re8 {[%clk 0:02:24]} 8. e3 {[%clk 0:03:01]} a5 {[%clk 0:02:08]}
9. Be2 {[%clk 0:02:58]} Na6 {[%clk 0:02:08]} 10. O-O {[%clk 0:02:51]} Nh5
{[%clk 0:02:05]} 11. Be5 {[%clk 0:02:27]} d6 {[%clk 0:02:00]} 12. Bg3
{[%clk 0:02:08]} Nxg3 {[%clk 0:01:54]} 13. hxg3 {[%clk 0:02:08]} Bf6
{[%clk 0:01:52]} 14. Nd4 {[%clk 0:02:06]} e5 {[%clk 0:01:53]} 15. Ndb5
{[%clk 0:01:44]} e4 {[%clk 0:01:48]} 16. Rb1 {[%clk 0:01:43]} Bc8
{[%clk 0:01:42]} 17. b4 {[%clk 0:01:42]} axb4 {[%clk 0:01:36]} 18. axb4
{[%clk 0:01:43]} g6 {[%clk 0:01:27]} 19. Qc2 {[%clk 0:01:44]} Qe7
{[%clk 0:01:28]} 20. Rfd1 {[%clk 0:01:40]} h5 {[%clk 0:01:24]} 21. Nd4
{[%clk 0:01:41]} Bd7 {[%clk 0:01:12]} 22. Nc6 {[%clk 0:01:42]} Qf8
{[%clk 0:00:33]} 23. Nxe4 {[%clk 0:01:42]} Bg7 {[%clk 0:00:33]} 24. Nc3
{[%clk 0:01:33]} Nb8 {[%clk 0:00:32]} 25. Nd4 {[%clk 0:01:32]} Qe7
{[%clk 0:00:30]} 26. Bf3 {[%clk 0:01:27]} Be5 {[%clk 0:00:30]} 27. Ncb5
{[%clk 0:01:23]} Qd8 {[%clk 0:00:23]} 28. Ra1 {[%clk 0:01:12]} Rxa1
{[%clk 0:00:23]} 29. Rxa1 {[%clk 0:01:13]} Bxb5 {[%clk 0:00:23]} 30. cxb5
{[%clk 0:01:14]} h4 {[%clk 0:00:21]} 31. gxh4 {[%clk 0:01:04]} Qxh4
{[%clk 0:00:22]} 32. Rd1 {[%clk 0:01:03]} Nd7 {[%clk 0:00:15]} 33. g3
{[%clk 0:01:04]} Qf6 {[%clk 0:00:11]} 34. Bg2 {[%clk 0:01:03]} Ra8
{[%clk 0:00:11]} 35. Qxc7 {[%clk 0:01:02]} Bxd4 {[%clk 0:00:08]} 36. Rxd4
{[%clk 0:00:57]} Ra1+ {[%clk 0:00:09]} 37. Bf1 {[%clk 0:00:58]} Ne5
{[%clk 0:00:08]} 38. Rf4 {[%clk 0:00:53]} Qh8 {[%clk 0:00:05]} 39. Qd8+
{[%clk 0:00:51]} Kg7 {[%clk 0:00:06]} 40. Qf6+ {[%clk 0:00:41]} Kg8
{[%clk 0:00:08]} 41. Qd8+ Kg7 42. Qf6+ Kg8 43. Qxh8+ Kxh8 44. Rf6
{[%clk 0:00:33]} Kg7 {[%clk 0:00:11]} 45. Rxd6 {[%clk 0:00:31]} Nc4
{[%clk 0:00:13]} 46. Rc6 {[%clk 0:00:31]} Nd2 {[%clk 0:00:14]} 47. Kg2
{[%clk 0:00:32]} Rxf1 {[%clk 0:00:14]} 48. Rc3 {[%clk 0:00:15]} Rxf2+
{[%clk 0:00:14]} 49. Kxf2 {[%clk 0:00:16]} Ne4+ {[%clk 0:00:15]} 50. Kf3
{[%clk 0:00:16]} Nxc3 {[%clk 0:00:16]} 51. d6 {[%clk 0:00:17]} Kf6
{[%clk 0:00:18]} 0-1

[Event "Blitz 2018"]
[Site "Saint-Petersburg"]
[Date "2018.12.30"]
[Round "21"]
[Board "39"]
[White "Shirov Alexei (ESP)"]
[Black "Popov Ivan (RUS)"]
[Result "1/2-1/2"]
[LiveChessVersion "1.4.8"]
[BlackElo "2560"]
[WhiteElo "2699"]

1. e4 {[%clk 0:03:03]} c5 {[%clk 0:03:03]} 2. Nf3 {[%clk 0:03:04]} Nf6
{[%clk 0:03:04]} 3. e5 {[%clk 0:03:02]} Nd5 {[%clk 0:03:06]} 4. Nc3
{[%clk 0:03:03]} Nxc3 {[%clk 0:03:06]} 5. dxc3 {[%clk 0:03:03]} Nc6
{[%clk 0:03:07]} 6. Bd3 {[%clk 0:02:59]} d5 {[%clk 0:03:08]} 7. exd6
{[%clk 0:02:59]} exd6 {[%clk 0:03:08]} 8. Ng5 {[%clk 0:02:43]} Ne5
{[%clk 0:02:04]} 9. Bb5+ {[%clk 0:02:44]} Bd7 {[%clk 0:02:04]} 10. Bxd7+
{[%clk 0:02:44]} Qxd7 {[%clk 0:02:04]} 11. f4 {[%clk 0:02:44]} Ng4
{[%clk 0:01:50]} 12. O-O {[%clk 0:02:06]} Be7 {[%clk 0:01:51]} 13. Qd3
{[%clk 0:01:40]} h6 {[%clk 0:01:17]} 14. Nf3 {[%clk 0:01:25]} O-O
{[%clk 0:01:15]} 15. c4 {[%clk 0:01:25]} Rad8 {[%clk 0:01:12]} 16. b3
{[%clk 0:01:23]} d5 {[%clk 0:01:06]} 17. cxd5 {[%clk 0:01:08]} Qxd5
{[%clk 0:01:06]} 18. Qxd5 {[%clk 0:01:08]} Rxd5 {[%clk 0:01:06]} 19. h3
{[%clk 0:01:06]} Nf6 {[%clk 0:01:06]} 20. Bb2 {[%clk 0:01:07]} Ne4
{[%clk 0:00:58]} 21. c4 {[%clk 0:00:55]} Rd6 {[%clk 0:00:48]} 22. g4
{[%clk 0:00:46]} Nd2 {[%clk 0:00:42]} 23. Nxd2 {[%clk 0:00:39]} Rxd2
{[%clk 0:00:43]} 24. Rf2 {[%clk 0:00:31]} Rxb2 {[%clk 0:00:43]} 25. Rxb2
{[%clk 0:00:31]} Bf6 {[%clk 0:00:44]} 26. Rab1 {[%clk 0:00:30]} Bxb2
{[%clk 0:00:45]} 27. Rxb2 {[%clk 0:00:30]} Rd8 {[%clk 0:00:46]} 28. Re2
{[%clk 0:00:28]} Kf8 {[%clk 0:00:46]} 1/2-1/2

[Event "Blitz 2018"]
[Site "Saint-Petersburg"]
[Date "2018.12.30"]
[Round "21"]
[Board "40"]
[White "Hakobyan Aram (ARM)"]
[Black "Christiansen Johan-Sebastian (NOR)"]
[Result "1-0"]
[LiveChessVersion "1.4.8"]
[BlackElo "2635"]
[WhiteElo "2451"]

1. e4 {[%clk 0:02:56]} e6 {[%clk 0:03:03]} 2. d4 {[%clk 0:02:53]} d5
{[%clk 0:03:03]} 3. exd5 {[%clk 0:02:54]} exd5 {[%clk 0:03:05]} 4. Nf3
{[%clk 0:02:55]} Nf6 {[%clk 0:03:05]} 5. Bd3 {[%clk 0:02:56]} Bd6
{[%clk 0:03:02]} 6. Qe2+ {[%clk 0:02:56]} Be6 {[%clk 0:03:03]} 7. O-O
{[%clk 0:02:50]} O-O {[%clk 0:03:03]} 8. Ne5 {[%clk 0:02:45]} Re8
{[%clk 0:02:57]} 9. Bg5 {[%clk 0:02:37]} c5 {[%clk 0:02:41]} 10. dxc5
{[%clk 0:02:23]} Bxc5 {[%clk 0:02:39]} 11. Nd2 {[%clk 0:02:10]} Nc6
{[%clk 0:02:38]} 12. Nxc6 {[%clk 0:02:08]} bxc6 {[%clk 0:02:38]} 13. Qf3
{[%clk 0:02:07]} Be7 {[%clk 0:02:37]} 14. h3 {[%clk 0:02:07]} Rb8
{[%clk 0:02:36]} 15. b3 {[%clk 0:02:07]} Qd7 {[%clk 0:02:20]} 16. Rfe1
{[%clk 0:02:04]} a5 {[%clk 0:01:33]} 17. Rad1 {[%clk 0:02:00]} a4
{[%clk 0:01:29]} 18. Nf1 {[%clk 0:01:49]} axb3 {[%clk 0:01:28]} 19. axb3
{[%clk 0:01:49]} h6 {[%clk 0:01:23]} 20. Bf4 {[%clk 0:01:41]} Rb4
{[%clk 0:01:19]} 21. Ng3 {[%clk 0:01:40]} Ra8 {[%clk 0:01:05]} 22. Bd2
{[%clk 0:01:36]} Rb7 {[%clk 0:00:54]} 23. Nf5 {[%clk 0:01:35]} Bxf5
{[%clk 0:00:41]} 24. Bxf5 {[%clk 0:01:35]} Qd8 {[%clk 0:00:42]} 25. Re2
{[%clk 0:01:27]} Bb4 {[%clk 0:00:39]} 26. Bxb4 {[%clk 0:01:13]} Rxb4
{[%clk 0:00:41]} 27. Qc3 {[%clk 0:01:14]} Qb6 {[%clk 0:00:38]} 28. Rde1
{[%clk 0:01:14]} Rf4 {[%clk 0:00:38]} 29. Bd3 {[%clk 0:01:04]} Rc8
{[%clk 0:00:39]} 30. Qe5 {[%clk 0:01:02]} Qb8 {[%clk 0:00:35]} 31. Qxb8
{[%clk 0:00:54]} Rxb8 {[%clk 0:00:36]} 32. g3 {[%clk 0:00:54]} Rfb4
{[%clk 0:00:36]} 33. Re7 {[%clk 0:00:55]} Rc8 {[%clk 0:00:36]} 34. Ra7
{[%clk 0:00:53]} c5 {[%clk 0:00:36]} 35. Ree7 {[%clk 0:00:53]} c4
{[%clk 0:00:37]} 36. bxc4 {[%clk 0:00:42]} dxc4 {[%clk 0:00:38]} 37. Bf5
{[%clk 0:00:42]} Rf8 {[%clk 0:00:38]} 38. Rxf7 {[%clk 0:00:33]} Rxf7 39. Be6 Rb2
{[%clk 0:00:27]} 40. Rxf7 {[%clk 0:00:26]} Kh7 {[%clk 0:00:12]} 41. Bxc4
{[%clk 0:00:25]} Kg6 {[%clk 0:00:06]} 42. Rc7 {[%clk 0:00:24]} h5
{[%clk 0:00:05]} 43. Kg2 {[%clk 0:00:22]} h4 {[%clk 0:00:06]} 44. Bd3+
{[%clk 0:00:23]} Kh6 {[%clk 0:00:08]} 45. g4 {[%clk 0:00:21]} Rb6
{[%clk 0:00:06]} 46. Rc5 {[%clk 0:00:11]} g5 {[%clk 0:00:04]} 47. f4
{[%clk 0:00:12]} Kg7 {[%clk 0:00:03]} 48. Rxg5+ {[%clk 0:00:12]} Kf7
{[%clk 0:00:05]} 49. Rf5 {[%clk 0:00:12]} Ke7 {[%clk 0:00:06]} 50. Re5+
{[%clk 0:00:14]} Kf7 {[%clk 0:00:07]} 51. g5 {[%clk 0:00:15]} Nd7
{[%clk 0:00:08]} 52. Rd5 {[%clk 0:00:15]} Nf8 {[%clk 0:00:07]} 53. Kf3
{[%clk 0:00:16]} Rb4 {[%clk 0:00:05]} 54. f5 {[%clk 0:00:10]} Ke7
{[%clk 0:00:04]} 55. Re5+ {[%clk 0:00:11]} Kf7 {[%clk 0:00:04]} 56. Re4
{[%clk 0:00:12]} Rb1 {[%clk 0:00:03]} 57. Rxh4 {[%clk 0:00:13]} Rg1
{[%clk 0:00:04]} 58. Rg4 {[%clk 0:00:12]} Rh1 {[%clk 0:00:05]} 59. h4 Nd7 60. Ke4
{[%clk 0:00:13]} Re1+ {[%clk 0:00:07]} 61. Kd5 {[%clk 0:00:14]} Nb6+
{[%clk 0:00:04]} 62. Kc6 {[%clk 0:00:14]} Nc8 {[%clk 0:00:05]} 63. g6+
{[%clk 0:00:15]} Kg7 {[%clk 0:00:05]} 64. Kd7 {[%clk 0:00:11]} Ne7
{[%clk 0:00:06]} 65. Re4 {[%clk 0:00:11]} 1-0

[Event "Blitz 2018"]
[Site "Saint-Petersburg"]
[Date "2018.12.30"]
[Round "21"]
[Board "41"]
[White "Riazantsev Alexander (RUS)"]
[Black "Timofeev Artyom (RUS)"]
[Result "1/2-1/2"]
[LiveChessVersion "1.4.8"]
[BlackElo "2568"]
[WhiteElo "2633"]

1. d4 {[%clk 0:03:04]} d5 {[%clk 0:03:04]} 2. c4 {[%clk 0:03:05]} e6
{[%clk 0:03:05]} 3. Nf3 {[%clk 0:03:06]} c6 {[%clk 0:03:05]} 4. b3
{[%clk 0:03:07]} Nf6 {[%clk 0:03:03]} 5. e3 {[%clk 0:03:08]} Bd6 {[%clk 0:03:01]}
6. Bb2 {[%clk 0:03:07]} O-O {[%clk 0:03:00]} 7. Bd3 {[%clk 0:03:07]} Nbd7
{[%clk 0:02:58]} 8. O-O {[%clk 0:03:08]} b6 {[%clk 0:02:41]} 9. Nbd2
{[%clk 0:03:08]} Bb7 {[%clk 0:02:42]} 10. Ne5 {[%clk 0:03:09]} c5
{[%clk 0:02:39]} 11. cxd5 {[%clk 0:03:10]} exd5 {[%clk 0:02:36]} 12. f4
{[%clk 0:03:08]} Re8 {[%clk 0:02:27]} 13. Qf3 {[%clk 0:03:07]} cxd4
{[%clk 0:02:18]} 14. exd4 {[%clk 0:03:07]} Bb4 {[%clk 0:02:19]} 15. Rad1
{[%clk 0:02:48]} Bxd2 {[%clk 0:02:19]} 16. Rxd2 {[%clk 0:02:49]} Ne4
{[%clk 0:02:20]} 17. Qh3 {[%clk 0:02:26]} Bc8 {[%clk 0:01:53]} 18. Nxf7
{[%clk 0:01:27]} Kxf7 {[%clk 0:01:48]} 19. Qh5+ {[%clk 0:01:28]} Ke6
{[%clk 0:00:54]} 20. Ba3 {[%clk 0:00:50]} Ndf6 {[%clk 0:00:37]} 21. Qe2
{[%clk 0:00:19]} Kf7 {[%clk 0:00:36]} 22. Rc2 {[%clk 0:00:18]} Bf5
{[%clk 0:00:32]} 23. Qd1 {[%clk 0:00:17]} Rc8 {[%clk 0:00:32]} 24. h3
{[%clk 0:00:17]} h5 {[%clk 0:00:32]} 25. Bb5 {[%clk 0:00:14]} Nc3
{[%clk 0:00:21]} 26. Bxe8+ {[%clk 0:00:15]} Qxe8 {[%clk 0:00:22]} 27. Rxc3
{[%clk 0:00:09]} Rxc3 {[%clk 0:00:23]} 28. Bb4 {[%clk 0:00:07]} Re3
{[%clk 0:00:23]} 29. Qc1 {[%clk 0:00:07]} Re2 {[%clk 0:00:21]} 30. Qc7+
{[%clk 0:00:08]} Kg6 {[%clk 0:00:22]} 31. Kh2 {[%clk 0:00:07]} Qe4
{[%clk 0:00:18]} 32. Rg1 {[%clk 0:00:07]} h4 {[%clk 0:00:05]} 33. Bf8
{[%clk 0:00:08]} Ne8 {[%clk 0:00:05]} 34. Qd8 {[%clk 0:00:09]} Qxf4+ 35. Kh1 Kh7
{[%clk 0:00:04]} 36. Be7 {[%clk 0:00:08]} Nf6 {[%clk 0:00:06]} 37. Bxf6
{[%clk 0:00:09]} gxf6 {[%clk 0:00:07]} 38. Qxf6 {[%clk 0:00:10]} Qe4
{[%clk 0:00:07]} 39. Qf7+ {[%clk 0:00:11]} Kh6 40. Qf8+ Kg6 {[%clk 0:00:09]} 41.
Qg8+ {[%clk 0:00:14]} Kf6 {[%clk 0:00:10]} 42. Qf8+ {[%clk 0:00:11]} Kg5
{[%clk 0:00:12]} 43. Qd8+ {[%clk 0:00:11]} Kh5 {[%clk 0:00:13]} 44. Qh8+
{[%clk 0:00:12]} Bh7 {[%clk 0:00:14]} 45. Qg7 {[%clk 0:00:11]} Qg6
{[%clk 0:00:13]} 46. Qd7 {[%clk 0:00:10]} Qf5 {[%clk 0:00:11]} 47. Qg7
{[%clk 0:00:10]} Bg6 {[%clk 0:00:06]} 48. Qh8+ {[%clk 0:00:11]} Kg5
{[%clk 0:00:07]} 49. Qd8+ {[%clk 0:00:12]} Qf6 {[%clk 0:00:07]} 50. Qxd5+
{[%clk 0:00:13]} Kh6 {[%clk 0:00:09]} 51. Qd7 {[%clk 0:00:10]} Be4
{[%clk 0:00:08]} 52. Qg4 {[%clk 0:00:09]} Qf2 {[%clk 0:00:06]} 53. d5
{[%clk 0:00:06]} Bg6 {[%clk 0:00:05]} 54. d6 {[%clk 0:00:07]} Rd2
{[%clk 0:00:05]} 55. d7 {[%clk 0:00:09]} Qg3 {[%clk 0:00:05]} 56. Qe6
{[%clk 0:00:09]} Qg5 {[%clk 0:00:05]} 57. Qe8 {[%clk 0:00:07]} Kh7
{[%clk 0:00:05]} 58. a4 {[%clk 0:00:06]} a5 {[%clk 0:00:06]} 59. Kh2
{[%clk 0:00:06]} Qf4+ {[%clk 0:00:04]} 60. Kh1 Qg5 61. Kh2 {[%clk 0:00:09]} Qf4+
{[%clk 0:00:06]} 62. Kh1 {[%clk 0:00:10]} Qg5 {[%clk 0:00:05]} 63. Kh2
{[%clk 0:00:09]} 1/2-1/2